La prensa costarricense al ritmo del mundo : el reto continúa /
Zapisane w:
| 1. autor: | |
|---|---|
| Format: | Nieznany |
| Język: | Spanish |
| Wydane: |
San José, Costa Rica :
Editorial de la Universidad de Costa Rica,
1995.
|
| Hasła przedmiotowe: | |
| Etykiety: |
Dodaj etykietę
Nie ma etykietki, Dołącz pierwszą etykiete!
|
MARC
| LEADER | 000000000a22000000004500 | ||
|---|---|---|---|
| 001 | 002105 | ||
| 020 | |a 9977672970 | ||
| 041 | 0 | |a spa | |
| 082 | 0 | 4 | |a 079.728.6 |b P438p Identidad Cultural |
| 100 | 1 | |a Pérez Iglesias, María de los Ángeles | |
| 245 | 1 | 3 | |a La prensa costarricense al ritmo del mundo : |b el reto continúa / |c María de los Ángeles Pérez Iglesias. |
| 260 | 1 | |a San José, Costa Rica : |b Editorial de la Universidad de Costa Rica, |c 1995. | |
| 300 | |a 249 páginas | ||
| 500 | |a Esta biblioteca cuenta con tres ejemplares de este libro. | ||
| 650 | 4 | |a PERIODISMO | |
| 650 | 4 | |a COSTA RICA | |
| 999 | |c 8699 |d 8699 | ||
| 942 | |c BK |h 079.728.6 P438p Identidad Cultural |2 z | ||



